Statistiques concernant Pixar: Personnage Principal

Cliquez ici pour prendre le quiz!

Statistiques générales

  • Ce quiz a été pris 340 fois
  • Le résultat moyen est 16 sur 27

Statistiques - réponses

FilmPersonnage% Correct
Toy StoryWoody
96%
Toy Story 3Woody
96%
Toy Story 2Woody
96%
Toy Story 4Woody
96%
Cars 3Flash McQueen
88%
Cars - Quatre RouesFlash McQueen
88%
Le Monde de ****Dory
83%
RatatouilleRémy
81%
W***-*Wall-E
81%
Le Voyage d'****Arlo
79%
Monstres AcademyBob Razowski
75%
Vice-VersaJoie
73%
Monstres et CieSulli
68%
Cars 2Martin
62%
RebelleMerida
62%
Le monde de NemoMarin
60%
CocoMiguel Rivera
56%
ElémentaireFlam Lumen
46%
L***Luca
40%
Là-HautCark Fredricksen
38%
B*** *'******Buzz L'Eclair
33%
Les IndestructiblesM. Indestructible
28%
Les Indestructibles 2M. Indestructible
28%
1001 PattesTilt
24%
SoulJoe Gardner
15%
En AvantIan Lightfoot
14%
Alerte RougeMeilin
12%

Distribution des résultats

Percentile par nombre de réponses

% des personnes avec chaque résultat

Votre développement - résultats

Vous n’avez pas pris ce quiz